[Event "Ruhrgebiet-ch U18 Girls"]
[Site "Muelheim"]
[Date "2002.03.26"]
[Round "5"]
[White "Poetzsch, Jessica"]
[Black "Klinger, Jacquelin"]
[Result "1-0"]
[WhiteElo "1129"]
[BlackElo "1111"]
[PlyCount "67"]
[EventDate "2002.??.??"]
[EventType "tourn"]
[EventRounds "7"]
[EventCountry "GER"]
[SourceTitle "EXT 2003"]
[Source "ChessBase"]
[SourceDate "2002.11.25"]
[SourceVersion "1"]
[SourceVersionDate "2002.11.25"]
[SourceQuality "1"]

1. e4 Nc6 2. Bc4 Nf6 3. Nc3 e6 4. Nf3 Bb4 5. e5 Ng4 6. 0-0 Ngxe5 7. Nxe5 Nxe5 8. Bd3 b6 9. Be4 Rb8 10. Ne2 Bd6 11. Ng3 Ba6 12. d3 Qh4 13. Qh5 Qf6 14. Bg5 Nf3+ 15. Bxf3 Qxb2 16. c4 Qd4 17. Be4 b5 18. Be3 Qf6 19. Bg5 Qc3 20. Rfc1 Qa5 21. Bxh7 Qb6 22. Be3 c5 23. Qh4 Bb7 24. Rab1 Qc6 25. Ne4 bxc4 26. Rxc4 Be7 27. Qh5 d5 28. Qe5 dxc4 29. Qxb8+ Bd8 30. Nd6+ Ke7 31. Rxb7+ Kf6 32. Rxf7+ Ke5 33. Nxc4+ Kd5 34. Be4# 1-0